01124nam a2200193Ia 4500001001100000003001000011008004100021040002500062041001300087100002200100245004100122250001100163260008700174300001200261500026000273501011400533520026000647650002300907L870-50320IT-CnALBA170116s9999||||xx |||||||||||||| ||und|| aIT-CnALBAcIT-CnALBA aITALIANO aNONNO DI PANOPOLI 0aLE DIONISIACHE. VOL. I. CANTI 1-12.  a1a ed. aMILANObADELPHI - EDIZIONI, S.P.A. c1997 [1° Ed.:1997 - Ed.Ling.Originale: 1997] a331 p.  aGESTA E AVVENTURE DI DIONISIO. POEMA IGNORATO ACCANTONATO. SUMMA ABBAGLIANTE DEL MITO GRECO. MODI POETICI. EPICO EROICO ELEGIACO. POEMA. LA PIENA SBOCCIATURA DEL MITO ARCAICO. SCOPERTA ATTRAVERSO LE VICENDE DI DIONISIO E ALTRI DEI PAGANI DI UN CAPOLAVORO  aSocietà San Paolo EM - Piazza San Paolo, 14 - 12051 ALBA (CN) (non commercial uses only) ® Copyright 2017 aGESTA E AVVENTURE DI DIONISIO. POEMA IGNORATO ACCANTONATO. SUMMA ABBAGLIANTE DEL MITO GRECO. MODI POETICI. EPICO EROICO ELEGIACO. POEMA. LA PIENA SBOCCIATURA DEL MITO ARCAICO. SCOPERTA ATTRAVERSO LE VICENDE DI DIONISIO E ALTRI DEI PAGANI DI UN CAPOLAVORO  aLETTERATURA LATINA